| 000 | 00513nam a2200181Ia 4500 | ||
|---|---|---|---|
| 999 |
_c29800 _d29800 |
||
| 003 | OSt | ||
| 005 | 20201211125719.0 | ||
| 008 | 190216s9999||||xx |||||||||||||| ||und|| | ||
| 020 | _a9788126415625 | ||
| 040 | _coclc | ||
| 082 |
_a894.812 _bSAN/B |
||
| 100 |
_aSanu, M K _96752 |
||
| 245 | 0 |
_aBasheer : _bEkantha Veedhiyile Avadhoothan / _cM K Sanu |
|
| 260 |
_bD C Books, _c2010. _aKottayam: |
||
| 300 | _a226p | ||
| 650 | _aSahithyam | ||
| 942 |
_cBK _2ddc _h894.812 _iSAN/B _k894.812 _mSAN/B |
||